Lietuvos Steigiamojo Seimo (1920-1922 metu̜) nariu̜ biografinis žodynas. - Vilnius : Vilniaus Pedagoginio Universiteto leidykla. - 2006 [Rezension]
| Titel: | Lietuvos Steigiamojo Seimo (1920-1922 metu̜) nariu̜ biografinis žodynas. - Vilnius : Vilniaus Pedagoginio Universiteto leidykla. - 2006 [Rezension] |
|---|---|
| Verfasser: | |
| In: |
Zapiski historyczne, Band 74, Heft 2 (2009), Seite 134-139 alle Artikel anzeigen |
| Veröffentlicht: | 2009 |
| Format: | Aufsatz |
| Sprache: | Polnisch |
X
alg: 39505298
001A $01999:12-11-16
001B $01999:04-08-21 $t21:03:17.000
001D $01999:12-11-16
001U $0utf8
001X $00
002@ $0Aox
003@ $039505298X
007A $039505298X $aHEB
007T $0Herdc0060047m
010@ $apol
011@ $a2009
021A $aLietuvos Steigiamojo Seimo (1920-1922 metu̜) nariu̜ biografinis žodynas. - Vilnius : Vilniaus Pedagoginio Universiteto leidykla. - 2006 [Rezension]
028A $aBłaszczyk $dGrzegorz
031A $d74 $e2 $h134-139 $j2009
039B $aIn $8--Abvc--. Zapiski historyczne. - Toruń {[u.a.] : TNT, 1956-. - ISSN 0044-1791 $x200900000740002866 $904810552X
039T $8--Aau--. Lietuvos Steigiamojo Seimo (1920-1922 metu̜) nariu̜ biografinis žodynas. - Vilnius : Vilniaus Pedagoginio Universiteto leidykla, 2006. - 553 S.. - Ill.. - ISBN 978-9955-20-146-5 $918857168X
045F $a900.94793 $eDDC23BSB
045F/01 $a900
045F/03 $g4793
lok: 39505298 78
exp: 39505298 78 1 #EPN
201B/01 $018-11-16 $t13:36:03.000
201U/01 $0utf8
203@/01 $0791351610
208@/01 $a12-11-16 $be
209A/01 $a/ $f000 $x00
220C/01 $aTitelaufnehmer: gk;ap
220C/01 $aHerkunft: HI Marburg
244Z/01 $2Trx $#Litauen $#Lithuania $#Litwa $#Litva $#Litva $8--Trx--Lietuva $x01 $9391193457
244Z/01 $2Trx $#arvustused $#recenzijos $#Reviews $#recenziók $#recenzje $#recenzie $#recenze $8--Trx--Rezensionen $x02 $9391357441
247C/01 $82080>Marburg/Lahn, Herder-Institut, Forschungsbibliothek, Bibliographieportal $9336309341
| LEADER | 00000caa a22000002c 4500 | ||
|---|---|---|---|
| 001 | 39505298X | ||
| 003 | DE-603 | ||
| 005 | 20210804210317.0 | ||
| 007 | tu | ||
| 008 | 161112s2009 xx |||| | u00||u|pol c | ||
| 035 | |a (DE-599)HEB39505298X | ||
| 040 | |a DE-603 |b ger |c DE-603 |d DE-603 | ||
| 041 | |a pol | ||
| 082 | 0 | 4 | |8 1\u |a 900.94793 |q DE-101 |2 23/BSB |
| 085 | |8 1\u |b 900 | ||
| 085 | |8 1\u |z 2 |s 4793 | ||
| 100 | 1 | |a Błaszczyk, Grzegorz | |
| 245 | 0 | 0 | |a Lietuvos Steigiamojo Seimo (1920-1922 metu̜) nariu̜ biografinis žodynas. - Vilnius : Vilniaus Pedagoginio Universiteto leidykla. - 2006 [Rezension] |
| 264 | 0 | |c 2009 | |
| 773 | 0 | 8 | |i In |t Zapiski historyczne |d Toruń [u.a.] : TNT, 1956- |x 0044-1791 |g Band 74, Heft 2 (2009), Seite 134-139 |w (DE-603)04810552X |w (DE-600)860296-7 |
| 787 | 0 | 8 | |i Rezension von |t Lietuvos Steigiamojo Seimo (1920-1922 metu̜) nariu̜ biografinis žodynas |d Vilnius : Vilniaus Pedagoginio Universiteto leidykla, 2006 |h 553 S., Ill. |z 9789955201465 |w (DE-603)18857168X |
| 924 | 0 | |9 2080 |a (DE-603)791351610 |b DE-2080 |c HES |d d |g / | |


